[Event "POL-ch U16 Girls"]
[Site "Jastrzebia Gora"]
[Date "2023.??.??"]
[Round "1"]
[White "Bar, Klaudia"]
[Black "Bauer, Maja"]
[Result "1-0"]
[WhiteElo "1731"]
[BlackElo "1383"]
[PlyCount "93"]
[EventDate "2023.03.11"]
[EventType "swiss"]
[EventRounds "9"]
[EventCountry "POL"]
[SourceTitle "CBM 213 Extra"]
[Source "ChessBase"]
[SourceDate "2023.05.31"]
[SourceVersion "1"]
[SourceVersionDate "2023.05.31"]
[SourceQuality "1"]

1. e4 c5 2. Nf3 d6 3. d4 cxd4 4. Nxd4 Nf6 5. Nc3 g6 6. Be3 Bg7 7. f3 Nc6 8. Qd2 0-0 9. 0-0-0 d5 10. Nxc6 bxc6 11. Bh6 Be6 12. Bxg7 Kxg7 13. h4 h5 14. Qg5 Qb6 15. g4 Rh8 16. e5 Nd7 17. Bd3 Qb4 18. a3 Qc5 19. Ne2 d4 20. Nf4 Qxe5 21. Nxh5+ Kf8 22. Nf4 Qxg5 23. hxg5 Rxh1 24. Rxh1 Kg7 25. Bxg6 fxg6 26. Nxe6+ Kg8 27. Nxd4 c5 28. Ne6 Kf7 29. Nc7 Rc8 30. Nd5 Ne5 31. Rh7+ Ke6 32. Nf4+ Kd7 33. Rg7 Rh8 34. b3 Rh1+ 35. Kb2 Nxf3 36. Nxg6 Re1 37. Nf4 Re4 38. Nh5 Kd8 39. Rg8+ Kd7 40. g6 Rxg4 41. g7 Ke6 42. Rf8 Kd5 43. g8Q+ Rxg8 44. Rxg8 e5 45. Nf6+ Kd4 46. Rd8+ Ke3 47. Kc3 1-0

[Event "POL-ch U16 Girls"]
[Site "Jastrzebia Gora"]
[Date "2023.??.??"]
[Round "6"]
[White "Butkiewicz, Hanna"]
[Black "Bauer, Maja"]
[Result "0-1"]
[WhiteElo "1120"]
[BlackElo "1383"]
[PlyCount "62"]
[EventDate "2023.03.11"]
[EventType "swiss"]
[EventRounds "9"]
[EventCountry "POL"]
[SourceTitle "CBM 213 Extra"]
[Source "ChessBase"]
[SourceDate "2023.05.31"]
[SourceVersion "1"]
[SourceVersionDate "2023.05.31"]
[SourceQuality "1"]

1. e4 c5 2. Nf3 d6 3. d4 cxd4 4. Nxd4 Nf6 5. Nc3 g6 6. Be3 Bg7 7. Nb3 0-0 8. Bd3 Nc6 9. 0-0 Be6 10. f4 Ng4 11. Qe2 Nxe3 12. Qxe3 Bxb3 13. Qg3 Be6 14. f5 Bd7 15. a3 Qb6+ 16. Kh1 Qxb2 17. Nd5 Qe5 18. Qh4 e6 19. Ne7+ Nxe7 20. Qxe7 Bc6 21. Qh4 Rac8 22. f6 Bh8 23. Rab1 a6 24. c4 b5 25. cxb5 Bxb5 26. Bxb5 axb5 27. Rb4 Rc4 28. h3 Rfc8 29. Rxc4 bxc4 30. Qg4 Bxf6 31. Qf3 c3 0-1

[Event "POL-ch U16 Girls"]
[Site "Jastrzebia Gora"]
[Date "2023.??.??"]
[Round "3"]
[White "Kulczycka, Zofia"]
[Black "Bauer, Maja"]
[Result "1/2-1/2"]
[WhiteElo "1547"]
[BlackElo "1383"]
[PlyCount "60"]
[EventDate "2023.03.11"]
[EventType "swiss"]
[EventRounds "9"]
[EventCountry "POL"]
[SourceTitle "CBM 213 Extra"]
[Source "ChessBase"]
[SourceDate "2023.05.31"]
[SourceVersion "1"]
[SourceVersionDate "2023.05.31"]
[SourceQuality "1"]

1. e4 c5 2. Nf3 d6 3. d4 cxd4 4. Nxd4 Nf6 5. Nc3 g6 6. f3 Bg7 7. Be3 Nc6 8. Qd2 0-0 9. 0-0-0 d5 10. Nxc6 bxc6 11. Bc4 Rb8 12. Bb3 Be6 13. h4 h5 14. g4 Qa5 15. gxh5 Nxh5 16. exd5 Rfd8 17. Bd4 Bxd5 18. Nxd5 Qxd2+ 19. Rxd2 cxd5 20. Bxg7 Kxg7 21. Rxd5 Rxd5 22. Bxd5 Ng3 23. Re1 Nf5 24. Bc4 e6 25. Rh1 Rh8 26. Rd1 Rxh4 27. Bb3 Nd4 28. Rd3 Rf4 29. c4 Nxf3 30. c5 Ne5 1/2-1/2

[Event "POL-ch U16 Girls"]
[Site "Jastrzebia Gora"]
[Date "2023.??.??"]
[Round "8"]
[White "Niedorys, Karolina"]
[Black "Bauer, Maja"]
[Result "1/2-1/2"]
[WhiteElo "1458"]
[BlackElo "1383"]
[PlyCount "62"]
[EventDate "2023.03.11"]
[EventType "swiss"]
[EventRounds "9"]
[EventCountry "POL"]
[SourceTitle "CBM 213 Extra"]
[Source "ChessBase"]
[SourceDate "2023.05.31"]
[SourceVersion "1"]
[SourceVersionDate "2023.05.31"]
[SourceQuality "1"]

1. e4 c5 2. Nf3 g6 3. d4 cxd4 4. Nxd4 Nc6 5. Nc3 Bg7 6. Be3 Nf6 7. f3 0-0 8. Qd2 d5 9. Nxc6 bxc6 10. exd5 Nxd5 11. Bd4 Nb4 12. Bxg7 Qxd2+ 13. Kxd2 Rd8+ 14. Bd3 Kxg7 15. Ke2 Nxd3 16. cxd3 Ba6 17. Rhd1 Rd6 18. Rd2 Rad8 19. Rad1 f5 20. f4 Kf6 21. Ke3 e5 22. fxe5+ Kxe5 23. d4+ Kf6 24. Kf2 c5 25. d5 Bb7 26. a3 c4 27. Rd4 a6 28. Rxc4 Bxd5 29. Nxd5+ Rxd5 30. Rxd5 Rxd5 31. Ke2 Ke5 1/2-1/2